[Event "Wch U10 Girls blitz"]
[Site "Batumi"]
[Date "2023.06.11"]
[Round "8"]
[White "Berikkyzy, Alanna"]
[Black "Serdarova, Pervana"]
[Result "1/2-1/2"]
[WhiteElo "1470"]
[BlackElo "1464"]
[PlyCount "168"]
[EventDate "2023.06.10"]
[EventType "swiss (blitz)"]
[EventRounds "11"]
[EventCountry "GEO"]
[SourceTitle "EXT 2024"]
[Source "ChessBase"]
[SourceDate "2023.10.10"]
[SourceVersion "1"]
[SourceVersionDate "2023.10.10"]
[SourceQuality "1"]
[WhiteTeam "Kazakhstan"]
[BlackTeam "Turkmenistan"]
[WhiteTeamCountry "KAZ"]
[BlackTeamCountry "TKM"]

1. e4 c5 2. Nf3 a6 3. c4 Nc6 4. d4 cxd4 5. Nxd4 Qa5+ 6. Nc3 Nf6 7. Nxc6 dxc6 8. Bd3 e5 9. 0-0 Bc5 10. a3 0-0 11. Bg5 Qd8 12. Kh1 h6 13. Bh4 Be6 14. Qf3 b5 15. cxb5 cxb5 16. Nd5 Bxd5 17. exd5 Qxd5 18. Qg3 Qe6 19. Rae1 Bd4 20. b3 Nh5 21. Qf3 Nf4 22. Bc2 Rac8 23. Qe4 Ng6 24. Bg3 Rfe8 25. Qd3 Rcd8 26. Qe2 Qf6 27. Be4 Qe6 28. Qc2 Rc8 29. Qd3 Rc3 30. Qd1 Qxb3 31. Qf3 Qe6 32. Bd5 Rxf3 33. Bxe6 Rf6 34. Bb3 Rd8 35. Rd1 Bb6 36. Rxd8+ Bxd8 37. Rd1 Be7 38. Rd7 Bc5 39. Kg1 Bxa3 40. Ra7 Nf4 41. Bxf4 exf4 42. Kf1 b4 43. Ke2 Rd6 44. Rxf7 Kh8 45. Bc2 Rd8 46. Rxf4 Bc1 47. Rxb4 Rd2+ 48. Ke1 Rxc2 49. Kd1 Rc8 50. Ra4 Rc6 51. f3 Bg5 52. h4 Bf6 53. g4 g5 54. hxg5 hxg5 55. f4 gxf4 56. Rxf4 Rc1+ 57. Ke2 Bg5 58. Rf5 Be7 59. Rh5+ Kg7 60. Ra5 Rc2+ 61. Kf3 Rc6 62. Kf4 Kf6 63. Rf5+ Kg6 64. Ra5 Rc4+ 65. Kf3 Rc6 66. Kf4 Bd8 67. Ra4 a5 68. Ke4 Rc5 69. Kf4 Bg5+ 70. Ke4 Kf6 71. Kf3 Ke5 72. Re4+ Kd5 73. Ra4 Rc3+ 74. Kg2 Bd8 75. g5 Rc6 76. Kf3 Rg6 77. Ke3 Rxg5 78. Rd4+ Ke5 79. Rxd8 Rg3+ 80. Kd2 a4 81. Kc2 Ke4 82. Kb2 Kf4 83. Ka2 Ke5 84. Ra8 Rg4 1/2-1/2

[Event "Wch U10 Girls rapid"]
[Site "Batumi"]
[Date "2023.06.08"]
[Round "11"]
[White "Zavivaeva, Angelina"]
[Black "Serdarova, Pervana"]
[Result "0-1"]
[WhiteElo "1000"]
[BlackElo "1378"]
[PlyCount "51"]
[EventDate "2023.06.06"]
[EventType "swiss (rapid)"]
[EventRounds "11"]
[EventCountry "GEO"]
[SourceTitle "EXT 2024"]
[Source "ChessBase"]
[SourceDate "2023.10.10"]
[SourceVersion "1"]
[SourceVersionDate "2023.10.10"]
[SourceQuality "1"]
[WhiteTeam "Russia"]
[BlackTeam "Turkmenistan"]
[WhiteTeamCountry "RUS"]
[BlackTeamCountry "TKM"]

1. e4 c5 2. Nf3 a6 3. c3 Nc6 4. d4 cxd4 5. cxd4 Nf6 6. e5 Nd5 7. Bc4 Nb6 8. Bb3 e6 9. 0-0 Be7 10. Nc3 0-0 11. Ne4 d5 12. Nc3 f6 13. exf6 Bxf6 14. a3 Kh8 15. Qd3 Qc7 16. Bg5 Bd7 17. Bc2 g6 18. Bxf6+ Rxf6 19. Rae1 Raf8 20. Ne5 Nxe5 21. Rxe5 Nc4 22. Rg5 Nxb2 23. Qg3 Qxg3 24. Rxg3 Nc4 25. f3 Ne3 26. Rc1 0-1